| 000 | 00859nam a2200289 a 4500 | ||
|---|---|---|---|
| 001 | 0012 | ||
| 003 | DO-SdBNP | ||
| 005 | 20231122103023.0 | ||
| 007 | 0012 | ||
| 008 | 111012s2009 sp 000 spa d | ||
| 020 | _a9788495311856 | ||
| 040 |
_aBPMSU _bspa _cBPMSU |
||
| 082 | 4 |
_aU863.5 _bQ8c 2009 _222 |
|
| 100 | 1 |
_aQuiroga, Horacio, _d1878-1937. |
|
| 245 | 1 | 0 |
_aCuentos de la selva / _cHoracio Quiroga. |
| 250 | _a4a. ed. | ||
| 260 |
_aMadrid : _bEdiciones Ecolares, _c2009 |
||
| 300 |
_a123 p. : _bil. ; _c23 cm. |
||
| 490 | 0 | _aEl barco de papel | |
| 500 | _aIncluye datos biográficos del autor en la solapa de la cubierta | ||
| 590 | _aInventariado, 2023/VM | ||
| 650 | 4 |
_aVida de la selva _vCuentos |
|
| 650 | 4 | _aCuentos juveniles uruguayos | |
| 650 | 4 |
_aAnimales _vCuentos |
|
| 910 | _aVMateo V. Control de calidad. BPMSU | ||
| 942 |
_2ddc _cBK |
||
| 999 |
_c8273 _d8273 |
||